The penal code, 1860 : (Record no. 968)

MARC details
000 -LEADER
fixed length control field 00684nam a2200217 a 4500
003 - CONTROL NUMBER IDENTIFIER
control field BD-DhJNU
005 - DATE AND TIME OF LATEST TRANSACTION
control field 20241205042843.0
008 - FIXED-LENGTH DATA ELEMENTS--GENERAL INFORMATION
fixed length control field 230904s20232009bg g b 000 0 eng d
020 ## - INTERNATIONAL STANDARD BOOK NUMBER
International Standard Book Number 9843000027827
040 ## - CATALOGING SOURCE
Original cataloging agency BD-DhJNU
Language of cataloging ENG
Transcribing agency BD-DhJNU
Modifying agency BD-DhJNU
082 04 - DEWEY DECIMAL CLASSIFICATION NUMBER
Classification number 345.05 BOP
Edition number 3
100 1# - MAIN ENTRY--PERSONAL NAME
Personal name Borhanuddin, A.R.M.
245 10 - TITLE STATEMENT
Title The penal code, 1860 :
Remainder of title a comprehensive section analysis and case-laws thereof /
Statement of responsibility, etc. A.R.M. Borhanuddin
260 04 - PUBLICATION, DISTRIBUTION, ETC.
Place of publication, distribution, etc. Dhaka :
Name of publisher, distributor, etc. University Publiations;
-- Titu Publications,
Date of publication, distribution, etc. 2023.
300 ## - PHYSICAL DESCRIPTION
Extent 838 p. ;
Dimensions 22 cm
504 ## - BIBLIOGRAPHY, ETC. NOTE
Bibliography, etc. note includes bibliographical references
650 ## - SUBJECT ADDED ENTRY--TOPICAL TERM
Topical term or geographic name entry element Law
650 ## - SUBJECT ADDED ENTRY--TOPICAL TERM
Topical term or geographic name entry element Criminal law
700 1# - ADDED ENTRY--PERSONAL NAME
Personal name Islam, Khairul
Relator term Editor
942 ## - ADDED ENTRY ELEMENTS (KOHA)
Koha item type Books
Holdings
Withdrawn status Lost status Source of classification or shelving scheme Damaged status Not for loan Collection Home library Current library Shelving location Date acquired Source of acquisition Total checkouts Full call number Barcode Date last seen Copy number Price effective from Koha item type
    Dewey Decimal Classification     Non-fiction Jagannath University Central Library Jagannath University Central Library General stacks 12/05/2024 Purchased   345.05 BOP JNUCL32827 12/05/2024 1 12/05/2024 Books